Statistics for 15 Most Populous Countries that Drive on the Left

Click here to take the quiz!

General Stats

  • This quiz has been taken 1,256 times
  • The average score is 10 of 15

Answer Stats

PopulationCountry% Correct
1,339,180,127 India
96%
66,181,585 United Kingdom
95%
24,450,561 Australia
88%
197,015,955 Pakistan
84%
263,991,379 Indonesia
82%
127,484,450 Japan
80%
164,669,751 Bangladesh
79%
56,717,156 South Africa
76%
69,037,513 Thailand
66%
31,624,264 Malaysia
63%
49,699,862 Kenya
55%
57,310,019 Tanzania
55%
29,304,998 Nepal
39%
42,862,958 Uganda
39%
29,668,834 Mozambique
38%

Score Distribution

Percentile by Number Answered

Percent of People with Each Score

Your Score History

You have not taken this quiz